000 00986nam a2200289 i 4500
003 DO-SdBNP
005 20250609154618.0
007 ta
008 250530b2024 dr d|||er ||| 00| 0 spa d
020 _a9789945509496
040 _aDO-SdBNP
_bspa
_cBNPHU
_erda
082 4 _axxxxx
_bC313
_222
100 1 _aCarrasco Rivas, Mercedes
_eautora
_4aut.
_982613
245 1 3 _aEl deterioro del poder de compra de los ingresos laborales 2019-2023 /
_cMercedes Carrasco Rivas
264 1 _aSanto Domingo :
_bFundación Friedrich Ebert Stiftung,
_c2024.
300 _a14 páginas
_bgráficas
_c30 cm.
336 _atexto
_btxt
_2rdacontent
337 _asin mediación
_bn
_2rdamedia
338 _avolumen
_bnc
_2rdacurrier
490 1 _aEconomía y finanzas ;
490 1 _aPerspectiva ;
500 _aIncluye datos biográficos de la autora en la última página.
590 _aInventariado, 2025/ YL
650 4 _aPobreza y desempleo
_983923
910 _aYLockward
942 _2ddc
_cLF2
999 _c59108
_d59108